=LDR 00000nam 2200000 4500 =001 INLIS000000000056714 =005 20200923104845 =035 ##$$a 0010-0920000345 =007 ta =008 200923###########################0###### =020 ##$$a 978-623-90742-6-5 =082 ##$$a 597.3 =084 ##$$a 597.3 Asp a =245 ##$$a Aspek biologis dan dinamika populasi ikan tenggiri =300 ##$$a iv, 76 halaman ; $c 21 cm =650 #4$$a Ikan Tenggiri - Aspek Biologis =264 ##$$a Selong :$b Dinas Kelautan dan Perikanan Kabupaten Lombok Timur,$c 2020 =336 ##$$a Text$2 rdacontent =337 ##$$a Buku$2 rdamedia =338 ##$$a Lain-lain$2 rdacarrier =990 ##$$a 34363436 =990 ##$$a 110/49/2020